| Tag |
First Indicator |
Second Indicator |
Subfields |
| LEADER |
00000cam a2200000 a 4500 |
| 001 |
in00001409938 |
| 005 |
20151020070426.0 |
| 008 |
970612s1997 nyua j b 001 0 eng d |
| 020 |
|
|
|a 0590202391 (alk. paper)
|
| 035 |
|
|
|a (OCoLC)37107912
|
| 035 |
|
|
|9 AHP8876AM
|
| 040 |
|
|
|a LPU
|c LPU
|d TXA
|d UtOrBLW
|
| 043 |
|
|
|a n-us---
|
| 049 |
|
|
|a TXAM
|
| 082 |
0 |
0 |
|a 383/.143/0973
|2 20
|
| 090 |
|
|
|a HE6375.P65
|b K76 1997
|
| 100 |
1 |
|
|a Kroll, Steven.
|
| 245 |
1 |
0 |
|a Pony Express! /
|c by Steven Kroll ; illustrated by Dan Andreasen.
|
| 250 |
|
|
|a Rev. ed.
|
| 264 |
|
1 |
|a New York :
|b Scholastic Press,
|c 1997.
|
| 300 |
|
|
|a 40 pages :
|b illustrations (some color) ;
|c 29 cm.
|
| 336 |
|
|
|a text
|b txt
|2 rdacontent
|
| 337 |
|
|
|a unmediated
|b n
|2 rdamedia
|
| 338 |
|
|
|a volume
|b nc
|2 rdacarrier
|
| 504 |
|
|
|a Includes bibliographical references (page 39) and index.
|
| 520 |
|
|
|a Discusses the eighteen month history, officially beginning April 3, 1860, of the mail delivery between Saint Joseph, Missouri, and Sacramento, California, known as the Pony Express.
|
| 650 |
|
0 |
|a Pony express
|x History
|v Juvenile literature.
|
| 650 |
|
0 |
|a Postal service
|z United States
|x History
|v Juvenile literature.
|
| 700 |
1 |
|
|a Andreasen, Dan.
|
| 948 |
|
|
|a c:rd
|
| 999 |
|
|
|a MARS
|
| 999 |
f |
f |
|s e4196624-f9e6-360c-a03a-ee08429e664e
|i 2f14eb87-a21c-3044-a2a7-3e0c9dfc7abf
|t 0
|
| 952 |
f |
f |
|p ric
|a Texas A&M University
|b Rellis Campus
|c Joint Library Facility
|d Remote Storage
|t 0
|e HE6375.P65 K76 1997
|h Library of Congress classification
|i unmediated -- volume
|m A14822371563
|
| 998 |
f |
f |
|a HE6375.P65 K76 1997
|t 0
|l Remote Storage
|